000
00267nam a22001217a 4500
008
170202b xxu||||| |||| 00| 0 eng d
041
_a
eng
080
_a
61
100
_a
3
101
_a
shm
245
_a
PESTICIDET ORGANOFOSFORIKE
_c
PAPADHOPULLI, G
942
_2
udc
_c
BK
999
_c
4348
_d
4348